000 00475nam a2200193Ia 4500
003 OSt
005 20250825153241.0
008 250729s2005 xx 000 0 und d
020 _a978-8186804919
040 _cAL
041 _aeng
082 _a372.8 KRIE
100 _aKrishnamacharyalu
_9222189
245 _aEnviournmental education
260 _aNew Delhi
_bNeelkamal Publication
_c2005
300 _a243p
650 _aEnviournmental
_9222190
942 _2ddc
_cBED
999 _c235343
_d235343